Quizzes
Events
Quiz Creation
Community
Videos
Private Events
Remove Ads
Sign In
Join for FREE
Feedback
Dark Mode
Quiz Categories
Sports
Geography
Music
Movies
Television
Just For Fun
Miscellaneous
History
Literature
Language
Science
Gaming
Entertainment
Religion
Holiday
For Kids
Quiz Lab
Recent
Popular Today
Quiz Kudos Today
Editor Picks
Curator Picks
Quizzes by...
Day
Popularity
Type
Ratings
Length
Year
Community
Subscriptions
Recent Discussions
Orange Saloon
Badges
Playlists
Quests
Create
Leaderboards
Showdown
Live 5
Trivia Bingo
Activity
Puzzle Library
Sporcle Events
Private Events
Virtual Trivia
Globe League
Become a Host
Pub Owners
SporcleCon
Opinionation
Our Games
Videos
Blog
Mobile Apps
Partnerships
Remove Ads and Go Orange
Feedback
Sports
Athletes
MLB
NBA
NHL
NFL
Soccer
Sports Teams
WWE
NCAA
Football
Premier League
Basketball
Baseball
Hockey
Golf
Tennis
Cricket
Rugby
Auto Racing
Olympics
World Cup
Sports
Athletes
MLB
NBA
NHL
NFL
Soccer
Sports Teams
WWE
NCAA
Football
Premier League
Basketball
Baseball
Hockey
Golf
Tennis
Cricket
Rugby
Auto Racing
Olympics
World Cup
Random Quiz
Search Sporcle
×
Quiz Lab
Quiz Lab
Sports
UEFA
Type in answers that appear in a list
Type in answers that appear in a list
Classic
Best Score? Go Orange.
Champions League 2011/12 Stats
Can you name the Champions League 2011/12 Teams?
By
lpw88
7m
32 Questions
109 Plays
109 Plays
109 Plays
Comments
Comments
Give Quiz Kudos
Give Quiz Kudos
-
- Ratings
hide this ad
Replay
Link that replays current quiz
Next Quiz
Link to next quiz in quiz playlist
You Got
0%
They Got
Avg Score
75%
Avg Friend Score
Upgrade to see
Score Distribution
Jump to the score distribution portion of the page
Score
0/32
Timer
07:00
0
Plays Today
Group
Club
% Correct
Group F
Arsenal FC
98.1%
Group H
FC Barcelona
98.1%
Group A
FC Bayern Munich
97.2%
Group C
Manchester United FC
97.2%
Group A
Manchester City FC
96.3%
Group D
Real Madrid CF
95.4%
Group E
Chelsea FC
94.4%
Group H
AC Milan
93.5%
Group B
FC Internazionale Milan
92.6%
Group E
Valencia CF
91.7%
Group D
Olympique Lyon
90.7%
Group G
FC Porto
86.1%
Group F
Olympique de Marseille
85.2%
Group A
SSC Napoli
84.3%
Group C
SL Benfica
83.3%
Group F
Borussia Dortmund
83.3%
Group
Club
% Correct
Group D
AFC Ajax
76.9%
Group B
PFC CSKA Moscow
75.9%
Group A
Villarreal CF
74.1%
Group B
LOSC Lille
70.4%
Group G
FC Zenit St Petersburg
70.4%
Group C
FC Basel 1893
67.6%
Group E
Bayer 04 Leverkusen
66.7%
Group G
FC Shakhtar Donetsk
64.8%
Group E
KRC Genk
62%
Group G
APOEL FC
61.1%
Group H
FC BATE Borisov
57.4%
Group F
Olympiacos FC
53.7%
Group D
GNK Dynamo Zagreb
42.6%
Group B
Trabzonspor AS
40.7%
Group H
FC Viktoria Plzen
40.7%
Group C
FC Otelul Galati
32.4%
Quiz Playlist
Details
Report
Send in Message
Add To Playlist
Classic:
Type in answers that appear in a list
Last Updated: Feb 16, 2017
Quiz Scoreboard
CHALLENGE
Sign Up to Join the Scoreboard
Show All
Scores
Hide
Comments
May contain spoilers
Recently Published
An Introduction to Baseball
by treessimontrees
Sports
5m
Movies - When Are They Set?
by FPL_Elf
Movies
5m
Popular People in 1961
by mucciniale
History
6m
More to Explore
Quiz From the Vault
Featured Blog Post
Where Did the Easter Bunny Come From?
hide this ad
You Might Also Like...
Tags
UEFA
UEFA Champions' League
Today's Top Quizzes in Sports
Browse Sports
hide this ad
Today's Top Quizzes in UEFA
Browse UEFA
Top Contributed Quizzes in Sports
1
Les meilleurs buteurs des matchs entre le PSG et l’OM
2
2022 World Cup Stars
3
FIFA Club World Cup Champions
4
Les entraîneurs de l'OM et du PSG au 21e siècle
5
Name the Premier League winners with different clubs
6
La finale Lions - Afrique du Sud 2021
7
Les joueurs passés par le LOSC et le RC Lens
8
Criteria MLB: Left Handed Sluggers
9
Players with Multiple 50 Home Run Seasons
10
5-to-1: UK Sports Teams
Explore More
Trending Topics
Crossword
Anime
NBA
Disney
Harry Potter
Kpop
Marvel
The Office
Pokémon
Soccer
NFL
Puzzle
Song
Country
WWE
hide this ad
More By:
lpw88
Quiz
Plays
Rating
Category
Featured
Created
The Walking Dead Trivia Game. Season 1-3
4,897
2.75
Television
Aug 8, 2012
God of War 3 characters
2,010
2.43
Gaming
Aug 2, 2010
American civil war
1,857
2.90
History
Oct 15, 2010
UEFA European Championship Participants
1,767
3.15
Sports
Jul 19, 2010
GTA 4 Characters
1,376
1.33
Gaming
Jul 28, 2010
Go to Creator's Profile
Score Distribution
Quiz Creator Spotlight
lpw88
Follow
Send a Message
Quizzes Created
-
Created Quiz Play Count
-
More By This Creator
Popular Quizzes Today
1
Find the Countries of Europe - No Outlines Minefield
2
Find the US States - No Outlines Minefield
3
The Countries of the World
4
Popular People in 1961
5
US States
6
Find the US States
7
1-10 Letter E Words III
8
Risky Map Clicking: Biggest States A-Z
More Sports Quizzes
NCAA Football: Perfect Decade (2010s)
Published
Trending Quizzes
Risky Map Clicking: Least Populous States A-Z
1-10 Letter F Words
1-10 Letter G Words
One Thing in Common: United Kingdom
Risky Map Clicking: Next State Alphabetically
Recently Updated
Leaping Animals
pecheneg
Reality TV Shows (A-Z)
bhenderson79
Rickey Henderson's Hall of Fame Teammates
pecheneg
Champions League XIs: Arsenal
pecheneg
Quick Pick: Celebrities in WWE's Hall of Fame
aduchscher
A-Z Keypad Blitz II
pecheneg
Multiple Oscar Actors
pecheneg
Mystery Phrase Blitz: Oscar 'Best Actors'
pecheneg
F. Scott Fitzgerald Novels
LTH
Pick 3 Villains
ddd62291
Trending Topics
Harry Potter
Crossword
Marvel
Disney
Anime
Kpop
NBA
Country
The Office
WWE
NFL
Soccer
Pokémon
Song
Puzzle
Your Account Isn't Verified!
In order to create a playlist on Sporcle, you need to verify the email address you used during registration. Go to your
Sporcle Settings
to finish the process.
Report this User
Report this user for behavior that violates our
Community Guidelines
.
Details:
Send Report
Go to the Sporcle.com Mobile Site →
Comments